[Event "Steinfurt Bezirksliga 1314"]
[Site "Germany"]
[Date "2013.12.14"]
[Round "4.5"]
[White "Miethe, Christoph"]
[Black "Plagge, Christian"]
[Result "1-0"]
[WhiteElo "1668"]
[BlackElo "1484"]
[PlyCount "69"]
[EventDate "2013.09.14"]
[EventType "team-tourn"]
[EventRounds "9"]
[EventCountry "GER"]
[SourceTitle "EXT 2015"]
[Source "ChessBase"]
[SourceDate "2014.11.20"]
[SourceVersion "1"]
[SourceVersionDate "2014.11.20"]
[SourceQuality "1"]
[WhiteTeam "Neuenkirchen II"]
[BlackTeam "Emsdetten Turm III"]
[WhiteTeamCountry "GER"]
[BlackTeamCountry "GER"]

1. e4 c5 2. c3 Nc6 3. d4 cxd4 4. cxd4 d6 5. Nf3 g6 6. d5 Ne5 7. Nxe5 dxe5 8. Nc3 Nf6 9. Bb5+ Bd7 10. Bxd7+ Qxd7 11. Qb3 Bg7 12. 0-0 0-0 13. f3 a6 14. Na4 Qb5 15. Qxb5 axb5 16. Nc5 b6 17. Nd3 Nd7 18. Be3 Rfc8 19. Nb4 Rc4 20. a3 Rac8 21. Nc6 Bf6 22. Rac1 Nb8 23. Na7 Rxc1 24. Rxc1 Rxc1+ 25. Bxc1 b4 26. axb4 e6 27. d6 Kf8 28. Be3 Bd8 29. b5 Ke8 30. Nc6 Nd7 31. b4 Nf6 32. Nxd8 Kxd8 33. Bg5 Kd7 34. Bxf6 Kxd6 35. Bd8 1-0

[Event "Steinfurt Bezirksliga 1011"]
[Site "Germany"]
[Date "2011.03.05"]
[Round "6.3"]
[White "Plagge, Christian"]
[Black "Schneider, Richard2222"]
[Result "0-1"]
[WhiteElo "1481"]
[BlackElo "1580"]
[PlyCount "56"]
[EventDate "2010.10.02"]
[EventType "team-tourn"]
[EventRounds "9"]
[EventCountry "GER"]
[SourceTitle "EXT 2012"]
[Source "ChessBase"]
[SourceDate "2011.11.24"]
[SourceVersion "1"]
[SourceVersionDate "2011.11.24"]
[SourceQuality "1"]
[WhiteTeam "Emsdetten Turm III"]
[BlackTeam "Emsdetten Rochade III"]
[WhiteTeamCountry "GER"]
[BlackTeamCountry "GER"]

1. e4 c5 2. Nf3 Nc6 3. d4 cxd4 4. Nxd4 d6 5. Nc3 Nf6 6. Be3 Bd7 7. f3 e6 8. Qd2 a6 9. Be2 b5 10. a3 Be7 11. 0-0 0-0 12. f4 Qc7 13. Bf3 Rac8 14. Kh1 Rfd8 15. Qf2 Qb8 16. Nb3 b4 17. axb4 Nxb4 18. Ba7 Qa8 19. e5 Nfd5 20. Nxd5 exd5 21. c3 Nd3 22. Qd4 Nc5 23. Bxc5 dxc5 24. Qxd5 Qxd5 25. Bxd5 Bb5 26. c4 Bc6 27. Rfd1 Bxd5 28. cxd5 c4 0-1

[Event "Steinfurt Bezirksliga 0304"]
[Site "Germany"]
[Date "2004.05.08"]
[Round "8.4"]
[White "Tillack, Jan"]
[Black "Plagge, Christian"]
[Result "0-1"]
[WhiteElo "1530"]
[BlackElo "1512"]
[PlyCount "74"]
[EventDate "2003.10.18"]
[EventType "team-tourn"]
[EventRounds "9"]
[EventCountry "GER"]
[SourceTitle "EXT 2005"]
[Source "ChessBase"]
[SourceDate "2004.11.15"]
[SourceVersion "1"]
[SourceVersionDate "2004.11.15"]
[SourceQuality "1"]
[WhiteTeam "Emsdetten Rochade III"]
[BlackTeam "Emsdetten Turm IV"]
[WhiteTeamCountry "GER"]
[BlackTeamCountry "GER"]

1. e4 c5 2. Nf3 d6 3. d4 cxd4 4. Nxd4 Nf6 5. Nc3 g6 6. Nf3 Bg4 7. h3 Be6 8. e5 dxe5 9. Qxd8+ Kxd8 10. Nxe5 Nbd7 11. Nxd7 Bxd7 12. Be3 e5 13. Bg5 Be7 14. Rd1 Ke8 15. Bc4 Bc6 16. 0-0 Ne4 17. Nxe4 Bxe4 18. Bb5+ Bc6 19. Bxc6+ bxc6 20. Bxe7 Kxe7 21. Rfe1 f6 22. Rd3 Rhd8 23. Red1 Rxd3 24. Rxd3 Rd8 25. Rxd8 Kxd8 26. Kf1 Kd7 27. c4 Kd6 28. b4 e4 29. Ke2 Ke5 30. g4 Kd4 31. c5 Kc4 32. a3 a6 33. Ke3 Kb3 34. Kxe4 Kxa3 35. g5 fxg5 36. Ke5 Kxb4 37. Kd6 Kb5 0-1

[Event "Muensterland Verbandsklasse-A 0304"]
[Site "Germany"]
[Date "2004.03.06"]
[Round "7.8"]
[White "Hoppen, Andreas"]
[Black "Plagge, Christian"]
[Result "1/2-1/2"]
[WhiteElo "1570"]
[BlackElo "1512"]
[PlyCount "118"]
[EventDate "2003.09.20"]
[EventType "team"]
[EventRounds "9"]
[EventCountry "GER"]
[SourceTitle "EXT 2005"]
[Source "ChessBase"]
[SourceDate "2004.11.15"]
[SourceVersion "1"]
[SourceVersionDate "2004.11.15"]
[SourceQuality "1"]
[WhiteTeam "Muenster V"]
[BlackTeam "Emsdetten Turm III"]
[WhiteTeamCountry "GER"]
[BlackTeamCountry "GER"]

1. e4 c5 2. Nc3 Nc6 3. f4 d6 4. Nf3 g6 5. Bc4 Bg7 6. 0-0 Nd4 7. Ng5 e6 8. d3 Ne7 9. f5 gxf5 10. Qh5 Ng6 11. exf5 Nxf5 12. Rxf5 exf5 13. Bxf7+ Kd7 14. Nd5 Ne7 15. Bd2 Nxd5 16. Bxd5 Bd4+ 17. Kh1 Re8 18. c3 Be3 19. Bxe3 Rxe3 20. Qxh7+ Qe7 21. Qxe7+ Kxe7 22. h4 Kf6 23. Rd1 Bd7 24. Kg1 Bc6 25. Bxc6 bxc6 26. Rd2 Rh8 27. Kf2 Re7 28. g3 f4 29. Ne4+ Ke5 30. Re2 fxg3+ 31. Nxg3+ Kf6 32. Rxe7 Kxe7 33. h5 Kf6 34. Ke3 Rh7 35. Kf4 Rh8 36. Ne4+ Ke6 37. Kg5 d5 38. Nxc5+ Kf7 39. h6 Rg8+ 40. Kf5 Rg6 41. h7 Rh6 42. Nd7 Rxh7 43. Ne5+ Ke8 44. Nxc6 Rh2 45. Nxa7 Rxb2 46. Ke5 Rxa2 47. Nb5 Ra5 48. Nc7+ Kd7 49. Nxd5 Kc6 50. c4 Kd7 51. Kd4 Kd6 52. Nc3 Rh5 53. Nb5+ Kc6 54. Kc3 Rh3 55. Nd4+ Kc5 56. Ne6+ Kd6 57. Ng5 Rh5 58. Ne4+ Ke5 59. Nc5 Rh3 1/2-1/2

[Event "Steinfurt Bezirksliga 0304"]
[Site "Germany"]
[Date "2003.12.20"]
[Round "3.4"]
[White "Ternes, Joachim"]
[Black "Plagge, Christian"]
[Result "1/2-1/2"]
[WhiteElo "1549"]
[BlackElo "1512"]
[PlyCount "89"]
[EventDate "2003.10.18"]
[EventType "team-tourn"]
[EventRounds "9"]
[EventCountry "GER"]
[SourceTitle "EXT 2005"]
[Source "ChessBase"]
[SourceDate "2004.11.15"]
[SourceVersion "1"]
[SourceVersionDate "2004.11.15"]
[SourceQuality "1"]
[WhiteTeam "Neuenkirchen II"]
[BlackTeam "Emsdetten Turm IV"]
[WhiteTeamCountry "GER"]
[BlackTeamCountry "GER"]

1. d4 Nf6 2. c4 e6 3. Nc3 c5 4. d5 exd5 5. cxd5 d6 6. e4 g6 7. Bb5+ Bd7 8. Bc4 a6 9. a4 Bg7 10. Bg5 0-0 11. Qd2 Re8 12. f3 Qc7 13. Nge2 Bc8 14. 0-0 Nbd7 15. Rac1 Rb8 16. Bh6 Ne5 17. b3 Bd7 18. Bxg7 Kxg7 19. Ng3 Nxc4 20. bxc4 b5 21. axb5 axb5 22. Nxb5 Bxb5 23. cxb5 Rxb5 24. Rb1 Reb8 25. Rxb5 Rxb5 26. Qc3 Qb8 27. Qa1 c4 28. Qd4 Qb6 29. Qxb6 Rxb6 30. Rc1 Rb4 31. Kf2 Nd7 32. Ke3 Rb3+ 33. Kd4 Nb6 34. Rd1 c3 35. Ne2 c2 36. Rc1 Rb2 37. Kc3 Na4+ 38. Kd2 Ra2 39. Rxc2 Rxc2+ 40. Kxc2 Nb6 41. Kc3 Kf6 42. f4 Nd7 43. Kb4 Ke7 44. Nd4 Nf6 45. Nc6+ 1/2-1/2

[Event "Steinfurt Bezirksklasse 0203"]
[Site "Germany"]
[Date "2003.01.18"]
[Round "4.5"]
[White "Kloetzing, Johannes"]
[Black "Plagge, Christian"]
[Result "0-1"]
[WhiteElo "1263"]
[BlackElo "1486"]
[PlyCount "90"]
[EventDate "2002.09.28"]
[EventType "team-tourn"]
[EventRounds "7"]
[EventCountry "GER"]
[SourceTitle "EXT 2005"]
[Source "ChessBase"]
[SourceDate "2004.11.15"]
[SourceVersion "1"]
[SourceVersionDate "2004.11.15"]
[SourceQuality "1"]
[WhiteTeam "Steinfurt IV"]
[BlackTeam "Emsdetten Turm IV"]
[WhiteTeamCountry "GER"]
[BlackTeamCountry "GER"]

1. e4 c5 2. Nf3 d6 3. d4 cxd4 4. Nxd4 Nf6 5. Nc3 g6 6. Be3 Bg7 7. Qd2 Nc6 8. Nb3 0-0 9. f3 Be6 10. Bh6 Rc8 11. 0-0-0 Bxb3 12. axb3 Qa5 13. Kb1 Rc7 14. Na2 Qxd2 15. Bxd2 Rfc8 16. Bd3 Ne5 17. Nb4 Nxd3 18. cxd3 a5 19. Na2 Nd7 20. Nc3 e6 21. Rc1 Ne5 22. Nb5 Rxc1+ 23. Rxc1 Rxc1+ 24. Kxc1 Nxd3+ 25. Kc2 Nb4+ 26. Bxb4 axb4 27. Nxd6 Be5 28. Nxb7 Bxh2 29. Nc5 Be5 30. Nd3 Bd6 31. Kd2 e5 32. Ke3 f5 33. f4 exf4+ 34. Kf3 fxe4+ 35. Kxe4 Kf7 36. Kd4 Ke6 37. Kc4 g5 38. Nxb4 Bxb4 39. Kxb4 Kd6 40. Kc4 h6 41. Kd3 Kc5 42. Ke4 Kb4 43. Kf5 Kxb3 44. Kg6 Kxb2 45. Kxh6 g4 0-1

[Event "Steinfurt Bezirksklasse 0203"]
[Site "Germany"]
[Date "2002.09.28"]
[Round "1.6"]
[White "Plagge, Christian"]
[Black "Goihl, Annika"]
[Result "0-1"]
[WhiteElo "1486"]
[BlackElo "1547"]
[PlyCount "73"]
[EventDate "2002.09.28"]
[EventType "team-tourn"]
[EventRounds "7"]
[EventCountry "GER"]
[SourceTitle "EXT 2005"]
[Source "ChessBase"]
[SourceDate "2004.11.15"]
[SourceVersion "1"]
[SourceVersionDate "2004.11.15"]
[SourceQuality "1"]
[WhiteTeam "Emsdetten Turm IV"]
[BlackTeam "Emsdetten Rochade III"]
[WhiteTeamCountry "GER"]
[BlackTeamCountry "GER"]

1. e4 c6 2. d4 d5 3. Nc3 dxe4 4. Nxe4 Bf5 5. Ng3 Bg6 6. Nf3 Nd7 7. Bc4 e6 8. 0-0 Qc7 9. c3 Ngf6 10. Re1 0-0-0 11. a4 c5 12. Qe2 Nb6 13. a5 Nxc4 14. Qxc4 a6 15. Be3 Nd5 16. dxc5 Nxe3 17. Rxe3 Bxc5 18. Rae1 Bxe3 19. Qxc7+ Kxc7 20. Rxe3 Rd1+ 21. Ne1 Rhd8 22. f3 R8d3 23. Rxd3 Bxd3 24. Kf2 Bg6 25. Ke2 Rb1 26. b4 Rb2+ 27. Ke3 Kc6 28. Ne2 Kd5 29. Nd3 Bxd3 30. Kxd3 e5 31. g4 Rb1 32. h4 Rd1+ 33. Ke3 Re1 34. Kd2 Rf1 35. Ke3 Kc4 36. Ke4 Re1 37. Ke3 0-1